Konvergenční proces ve středoevropských nových členských státech Evropské unie a jeho změny v období recese
Zmeny v konvergenčných faktoroch, odlišnosti v štruktúre a využití vytváraných zdrojov a vývoj cenovej (nákladovej) konkurenčnej schopnosti v období hospodárskej recesie na pozadí dlhodobého vývoja. Situácia v Českej a Slovenskej republike.
Salvato in:
| Autore principale: | |
|---|---|
| Natura: | Capitolo di libro |
| Lingua: | ceco |
| Soggetti: | |
| Tags: |
Nessun Tag, puoi essere il primo ad aggiungerne!!
|
MARC
| LEADER | 00000naa a2200000 4500 | ||
|---|---|---|---|
| 001 | 0167350 | ||
| 005 | 20231208073051.8 | ||
| 041 | 0 | |a cze | |
| 044 | |a SK | ||
| 245 | 1 | 0 | |a Konvergenční proces ve středoevropských nových členských státech Evropské unie a jeho změny v období recese |c Růžena Vintrová |
| 520 | |a Zmeny v konvergenčných faktoroch, odlišnosti v štruktúre a využití vytváraných zdrojov a vývoj cenovej (nákladovej) konkurenčnej schopnosti v období hospodárskej recesie na pozadí dlhodobého vývoja. Situácia v Českej a Slovenskej republike. | ||
| 610 | 2 | 0 | |a konvergencia |
| 610 | 2 | 0 | |a recesia |
| 610 | 2 | 0 | |a Slovensko |
| 610 | 2 | 0 | |a Česko |
| 610 | 2 | 0 | |a konkurencieschopnosť |
| 610 | 2 | 0 | |a produkt domáci hrubý |
| 100 | 1 | |a Vintrová, Růžena | |